000 00806nam a2200229Ii 4500
003 JO-AjNU
008 230605s9999||||xx |||||||||||||| ||und||
017 _a2003/6/1156
020 _a9957-11-391-7
040 _aJO-AjNU
_bara
_erda
_cJO-AjNU
041 _aara
050 1 4 _aBF637.B4.Z3474.2004
100 3 _aالظاهر،قحطان،احمد,
_eauthor
_926206
245 0 0 _aتعديل السلوك
250 _aط2
264 3 1 _aعمان:دار وائل للنشر والتوزيع ،2004
300 _a268ص
336 _atext
_btxt
_2rdacontent
337 _aunmediated
_bn
_2rdamedia
338 _avolume
_bnc
_2rdacarrier
650 4 _aالتوجيه التربوي-توجيه الطلاب-علم النفس التربوي-الاداب الاجتماعية-التربية-التعلم
_926207
999 _aA9901
_c13469
_d13469